|
|
|
|
| LEADER |
00000njm a2200000 4500 |
| 001 |
vtls011915770 |
| 003 |
SK-MaSNL |
| 005 |
20260301144956.0 |
| 007 |
sd uuuuuuuuuuu |
| 008 |
200206s2019 xo uunu u slo |
| 040 |
|
|
|a SNK
|b slo
|c SNK
|e rda
|
| 041 |
0 |
|
|a slo
|
| 044 |
|
|
|a xo
|c SK
|
| 110 |
2 |
|
|a Dua Vente
|4 aut
|9 504087
|
| 245 |
0 |
0 |
|a Dua Vente
|b chamber formation of six players playing more than six instruments
|c Dua Vente
|
| 264 |
|
1 |
|a [Tvrdošín]
|b Pavlík records
|c 2019
|
| 300 |
|
|
|a 2 audiodisky
|
| 336 |
|
|
|a hraná hudba
|b prm
|2 rdacontent
|
| 337 |
|
|
|a audio
|b s
|2 rdamedia
|
| 338 |
|
|
|a audiodisk
|b sd
|2 rdacarrier
|
| 500 |
|
|
|a Miesto vydania z externých zdrojov
|
| 999 |
|
|
|c 778749
|d 780679
|
| 952 |
|
|
|a SNK
|b SNK
|y PREZ
|7 0
|p 17A1414930
|o snkSCD 5278/1-2
|i snk2020/2638
|8 0
|z 1. CD
|0 0
|1 0
|4 0
|d 2020-02-06
|l 0
|r 2026-02-24 00:57:16
|w 2026-02-24
|
| 952 |
|
|
|a SNK
|b SNK
|y PREZ
|7 0
|p 17A1414929
|o snkSCD 5278/1-2
|i snk2020/2638
|8 0
|z 2. CD
|0 0
|1 0
|4 0
|d 2020-02-06
|l 0
|r 2026-02-24 00:57:16
|w 2026-02-24
|